Countries with Double Letters - Statistics

General Stats
  • This quiz has been taken 52 times
  • The average score is 8 of 11
Answer Stats
Hint Answer % Correct
P Philippines
83%
E Greece
81%
R Andorra
79%
C Morocco
79%
S Russia
79%
O Cameroon
74%
L Marshall Islands
69%
T Saint Kitts and Nevis
67%
L Seychelles
64%
S Guinea-Bissau
57%
R Sierra Leone
52%
No matching quizzes found
Score Distribution
Percent of People with Each Score
Percentile by Number Answered
Your Score History
You have not taken this quiz